Hűvelyk Matyi mesék

Bibliographic Details
Main Author: Ďuríčková, Mária, 1919-2004 (Author)
Other Authors: Tordon, Ákos (Translator), Beňo, Jozef, 1930-2019 (Illustrator)
Format: Book
Language:Hungarian
Slovak
PhysicalDescription:33, [3] s. 4°
Published: Bratislava Mladé letá 1972
Subjects:

MARC

LEADER 00000cam a2200000 a 4500
001 vtls008351887
003 SK-MaSNL
005 20260302051238.0
008 251124s1972 xo b 00 0 hun
015 |a SNBA1972/10-02593 
035 |a SK01SNK19720044104 
035 |a SKM000046567 
040 |a SNK  |b slo  |c SNK  |e AACR2 
041 1 |a hun  |h slo 
044 |a xo  |c SK 
080 |a 885.4-93=945.11  |2 1981 
100 1 |a Ďuríčková, Mária,  |d 1919-2004  |4 aut  |9 200338 
240 1 0 |a Janček Palček  |l Maďarsky 
245 1 0 |a Hűvelyk Matyi  |b mesék  |c Mária Ďuríčková ; szlov. eredetiből [Janček Palček] ford. Tordon Ákos ; rajz. Jozef Beňo 
260 |a Bratislava  |b Mladé letá  |c 1972  |e Martin  |f Tlačiarne SNP 
300 |a 33, [3] s.  |c 4° 
500 |a Frontispice 
563 |a 1200+18100 výtl. pre Móra Ferenc Könyvkiadó, Budapest 
650 0 7 |a rozprávky ľudové slovenské  |x adaptácie literárne  |2 SNK  |9 352825 
655 7 |a umelecká literatúra  |2 SNKPH  |9 60405 
700 1 |a Tordon, Ákos  |4 trl  |9 7291 
700 1 |a Beňo, Jozef,  |d 1930-2019  |4 ill  |9 193966 
730 |a Janček Palček  |9 706641 
919 |a viaz. 
958 |a OND 
958 |a RK 
958 |a TL 
958 |a LX 
958 |a DB 
958 |a UP 
958 |a BQ 
999 |c 1100513  |d 1102443 
952 |a SNK  |b SNK  |y PREZ  |7 0  |p 17A0802610  |o snkSB 18781  |i snkKSP 7851/72  |0 0  |1 0  |4 0  |d 2012-07-24  |l 0  |r 2025-03-18 00:00:00  |w 2026-02-24 
952 |t P60, <05>, [BOOK], {605}  |a SNK  |b SNK  |y PREZ  |7 0  |p 17A0176509  |o snkSB 18781 D1  |i snkKSP 7852/72  |0 0  |1 0  |4 0  |d 1999-01-18  |l 0  |r 2005-01-02 00:00:00  |w 2026-02-24